All Istria County (Regione Istriana) settlements - Statistics

General Stats
  • This quiz has been taken 225 times
  • The average score is 84 of 639
Answers on the Map
Answers color-coded by a green-red scale on the quiz's map according to % correct below.
 
Answer Stats
Answer % Correct
Pula
96%
Rovinj / Rovigno
69%
Paz
62%
Pazin
62%
Poreč / Parenzo
62%
Labin
58%
Medulin
58%
Novigrad / Cittanova
58%
Umag / Umago
58%
Fažana
53%
Buje / Buie
51%
Vodnjan
51%
Bale
49%
Vrsar
47%
Hum
44%
Ližnjan
44%
Peroj
44%
Premantura
44%
Svetvinčenat
44%
Marčana
42%
Motovun
42%
Raša
42%
Savudrija / Salvore
42%
Banjole
40%
Buzet
40%
Grožnjan / Grisignana
40%
Lupoglav
40%
Funtana
38%
Šišan
38%
Sveti Petar u Šumi
38%
Valbandon
38%
Galižana
36%
Juršići
36%
Muntić
36%
Oprtalj / Portole
36%
Rovinjsko Selo
36%
Tar
36%
Vintijan
36%
Jadreški
33%
Kavran
33%
Loborika
33%
Pomer
33%
Rabac
33%
Valtura
33%
Vinkuran
33%
Žminj
33%
Barban
31%
Brtonigla / Verteneglio
31%
Čabrunići
31%
Crni
31%
Črnica
31%
Krnica
31%
Lanišće
31%
Nova Vas
31%
Nova Vas / Villanova
31%
Pićan
31%
Pješčana Uvala
31%
Rakalj
31%
Sveti Lovreč Pazenatički
31%
Valbonaša
31%
Vižinada
31%
Borut
29%
Divšići
29%
Gajana
29%
Kaštel / Castelvenere
29%
Orbani
29%
Peruški
29%
Potpićan
29%
Prodol
29%
Šušnjevica
29%
Višnjan
29%
Boljun
27%
Brič / Briz
27%
Cukrići
27%
Filipana
27%
Heki
27%
Hreljići
27%
Karojba
27%
Lindar
27%
Manjadvorci
27%
Momjan / Momiano
27%
Most
27%
Most-Raša
27%
Pavićini
27%
Režanci
27%
Sveti Lovreč Labinski
27%
Tinjan
27%
Vabriga
27%
Cerovlje
24%
Červar / Cervera
24%
Cokuni
24%
Golaš
24%
Gračišće
24%
Kanfanar
24%
Kringa
24%
Krmed
24%
Kršan
24%
Kujići
24%
Mutvoran
24%
Orbanići
24%
Pinezići
24%
Plomin
24%
Roč
24%
Šegotići
24%
Zrenj / Stridone
24%
Beram
22%
Brajkovići
22%
Bratulići
22%
Brest
22%
Flengi
22%
Glavani
22%
Gradina
22%
Grdoselo
22%
Kaštelir
22%
Kloštar
22%
Koromačno
22%
Mali Vareški
22%
Marasi
22%
Polje
22%
Skitača
22%
Štokovci
22%
Veliki Vareški
22%
Babići
20%
Babići / Babici
20%
Barat
20%
Belavići
20%
Bibići
20%
Bičići
20%
Bričanci
20%
Butkovići
20%
Čepić / Ceppich
20%
Dajla / Daila
20%
Foli
20%
Grimalda
20%
Heraki
20%
Hrboki
20%
Kaldir
20%
Pajkovići
20%
Plovanija / Plovanìa
20%
Podgaće
20%
Šarići
20%
Smoljanci
20%
Sovinjak
20%
Sveti Martin
20%
Vinež
20%
Vozilići
20%
Boljunsko Polje
18%
Boškari
18%
Brovinje
18%
Červari
18%
Draguć
18%
Fuškulin / Foscolino
18%
Kaldanija / Caldanìa
18%
Katoro / Catoro
18%
Kranjci
18%
Kršikla
18%
Livade / Levade
18%
Materada / Matterada
18%
Murine / Morno
18%
Orihi
18%
Pagubice
18%
Šajini
18%
Selina
18%
Škropeti
18%
Štrmac
18%
Sutivanac
18%
Sveta Lucija / Santa Lucia
18%
Sveta Marija na Krasu / Madonna del Carso
18%
Sveta Marina
18%
Sveti Bartol
18%
Sveti Ivan
18%
Sveti Ivan / San Giovanni
18%
Trget
18%
Trgetari
18%
Tupljak
18%
Završje / Piemonte d'Istria
18%
Žbandaj
18%
Belaj
16%
Brest pod Učkom
16%
Brgudac
16%
Brig
16%
Cere
16%
Červar-Porat
16%
Filipi
16%
Filipini
16%
Gologorica
16%
Kmeti / Metti
16%
Kranjčići
16%
Krušvari
16%
Kukci
16%
Labinci
16%
Ladići
16%
Letaj
16%
Lovrin
16%
Plomin Luka
16%
Polje Čepić
16%
Prapoće
16%
Račja Vas
16%
Radini / Radini
16%
Rašpor
16%
Rim
16%
Ripenda Kras
16%
Štifanići / Stifanici
16%
Šušnjići / Susnici
16%
Zagorje
16%
Zamask
16%
Zambratija / Zambrattia
16%
Antenal / Antenal
13%
Bačva
13%
Baderna / Mompaderno
13%
Bašanija / Bassania
13%
Begi
13%
Bibali / Bibali
13%
Bokordići
13%
Bratovići / Bratovici
13%
Brdo / Berda
13%
Breg
13%
Brgod
13%
Brkač
13%
Broskvari
13%
Butoniga
13%
Ćusi
13%
Čuši / Ciussi
13%
Dolenja Vas
13%
Frata
13%
Jasenovica / Frassineto
13%
Ježenj
13%
Klenovšćak
13%
Kožljak
13%
Krunčići
13%
Kukurini
13%
Marušići / Marussici
13%
Modrušani
13%
Mušalež
13%
Paladini
13%
Radmani
13%
Rajki
13%
Rebići
13%
Ripenda Kosi
13%
Ripenda Verbanci
13%
Ročko Polje
13%
Rojci
13%
Rojnići
13%
Šterna / Sterna
13%
Sveta Katarina
13%
Sveti Bartul
13%
Sveti Donat
13%
Valica / Valizza
13%
Vodice
13%
Vranja
13%
Vrećari
13%
Vrh
13%
Zabrežani
13%
Barići
11%
Batlug
11%
Bazgalji
11%
Bertoši
11%
Bralići
11%
Brčići
11%
Buroli / Buroli
11%
Čehići
11%
Crveni Vrh / Monte Rosso
11%
Dane
11%
Duga Luka
11%
Finida / Finida
11%
Fiorini / Fiorini
11%
Gradinje
11%
Gradinje / Gradigne
11%
Gradišće
11%
Grobnik
11%
Jesenovik
11%
Kanegra / Canegra
11%
Kapelica
11%
Kapovići
11%
Karigador / Carigador
11%
Kašćerga
11%
Knapići
11%
Kontešići
11%
Korlevići
11%
Krančići
11%
Krapan
11%
Krasica / Crassiza
11%
Križanci
11%
Križine / Crisine
11%
Kućibreg / Cucibrec
11%
Kunj
11%
Makovci / Macovzi
11%
Mali Mlun
11%
Medaki
11%
Mrgani
11%
Mugeba / Monghebbo
11%
Muntrilj
11%
Perci
11%
Petehi
11%
Petrovija / Petrovia
11%
Prodani
11%
Pusti
11%
Putini
11%
Ravni
11%
Rudani
11%
Sovinjska Brda
11%
Šumber
11%
Tićan
11%
Triban / Tribano
11%
Trviž
11%
Varvari
11%
Vela Traba
11%
Veli Mlun
11%
Zarečje
11%
Zgrabljići
11%
Balići I
9%
Baredine
9%
Baredine / Baredine
9%
Blatna Vas
9%
Brečevići
9%
Brnobići
9%
Bubani
9%
Čuki
9%
Dračevac / Monspinoso
9%
Draguzeti
9%
Gamboci / Gambozzi
9%
Golubići / Golobici
9%
Gora Glušići
9%
Grandići
9%
Ipši / Ipsi
9%
Jadruhi
9%
Jelovice
9%
Jurići
9%
Jurići / Iurici
9%
Kostanjica / Castagna
9%
Krbune
9%
Kršete / Carsette
9%
Kuberton / Cuberton
9%
Ladrovići
9%
Lovrečica / San Lorenzo
9%
Marinci
9%
Martinčići / Martincici
9%
Melnica
9%
Merišće / Merischie
9%
Milotski Breg
9%
Nedešćina
9%
Oskoruš / Oscurus
9%
Peresiji
9%
Perini
9%
Radići
9%
Rakotule
9%
Salambati
9%
Stanišovi
9%
Strana
9%
Štrped
9%
Trstenik
9%
Vadreš
9%
Zatka Čepić
9%
Zoričići
9%
Antonci
7%
Antonci / Antonzi
7%
Benčani
7%
Bencani / Benzani
7%
Benčići
7%
Bijele Zemlje / Terre Bianche
7%
Blaškovići
7%
Boljevići
7%
Borinići
7%
Burići
7%
Bužinija / Businìa
7%
Cerjani
7%
Cvitani
7%
Danci
7%
Deklevi
7%
Delići
7%
Drenje
7%
Đuba / Giubba
7%
Ferenci
7%
Gondolići
7%
Jakačići
7%
Jakovici
7%
Jural
7%
Jurcani
7%
Juricani / Giurizzani
7%
Katun / Cattuni
7%
Kelci
7%
Korelići
7%
Koromani
7%
Kožljani
7%
Krbavčići
7%
Krculi
7%
Kurili
7%
Kurjavići
7%
Laginji
7%
Mali Golji
7%
Mali Turini
7%
Mandalenčići
7%
Marići
7%
Mihelići
7%
Okreti
7%
Pifari
7%
Prhati
7%
Pucići
7%
Purgarija Čepić
7%
Radetići
7%
Radovani
7%
Rakovci / Racovaz
7%
Raponji
7%
Rošini
7%
Ružići
7%
Salež
7%
Seljaci
7%
Semić
7%
Senj
7%
Škopljak
7%
Skvaranska
7%
Slum
7%
Smolici
7%
Sošići
7%
Stancija Vodopija / Stanzia Bevilacqua
7%
Staniši
7%
Veleniki
7%
Veli Golji
7%
Vidulini
7%
Viškovići
7%
Vranje Selo
7%
Zamaski Dol
7%
Zeci
7%
Žužići
7%
Bajkini
4%
Barbići
4%
Bartići
4%
Bašarinka / Balzarini
4%
Buići
4%
Bukori
4%
Čambarelići
4%
Cancini
4%
Čepljani / Ceppiani
4%
Čiritež
4%
Cunj
4%
Diklići
4%
Gologorički Dol
4%
Gržini
4%
Ivići
4%
Jakići Dolinji
4%
Jakići Gorinji / Iachici
4%
Jakomići
4%
Jurićev Kal
4%
Kajini
4%
Karlovići
4%
Klarići
4%
Korenići
4%
Krajići / Craici
4%
Kresini
4%
Krničari
4%
Kropinjak
4%
Kršanci
4%
Lakovići
4%
Lesišćina
4%
Letajac
4%
Lozari / Lozari
4%
Majkusi
4%
Maretići
4%
Markovići
4%
Mičetići
4%
Milanezi
4%
Monterol / Monterol
4%
Novaki Pazinski
4%
Nugla
4%
Paradiž
4%
Počekaji
4%
Pračana
4%
Prašćari
4%
Previž
4%
Puntera
4%
Račice
4%
Račički Brijeg
4%
Rapavel
4%
Rupeni / Rupena
4%
Seget / Seghetto
4%
Škuljari
4%
Sovišćina
4%
Starići / Starici
4%
Stepčići
4%
Tomišići
4%
Vardica / Vardiza
4%
Veli Turini
4%
Vilanija / Villania
4%
Vižintini / Visintini
4%
Vrnjak / Vergnacco
4%
Zajci
4%
Želiski
4%
Babudri
2%
Baldaši
2%
Banki / Banchi
2%
Baškoti
2%
Blagdanići
2%
Bokići
2%
Butori
2%
Cerion
2%
Crklada
2%
Debeljuhi
2%
Deklići
2%
Dvori
2%
Erkovčići
2%
Fabci
2%
Farini
2%
Forčići
2%
Frančići
2%
Frnjolići
2%
Gedići
2%
Jehnići
2%
Kadumi
2%
Klimni
2%
Kodolje
2%
Kolumbera
2%
Kompanj
2%
Kosinožići
2%
Kostrčani
2%
Kovači
2%
Kršuli
2%
Lazarići
2%
Legovići
2%
Mališi
2%
Marčenegla
2%
Mareda / Mareda
2%
Markovac
2%
Mastelići
2%
Mihatovići
2%
Montižana / Montisana
2%
Montovani
2%
Novaki Motovunski
2%
Ohnići
2%
Orič
2%
Oslići
2%
Pirelići / Perelici
2%
Presika
2%
Prkačini
2%
Prkovići
2%
Rogočana
2%
Rogovići
2%
Salakovci
2%
Santalezi
2%
Šćulci
2%
Šeraje / Seraie
2%
Šivati
2%
Šorgi / Sorghi
2%
Šorići
2%
Stanica Roč
2%
Strpačići
2%
Štuti
2%
Tadini
2%
Topid
2%
Trombal
2%
Valentići
2%
Vežnaveri
2%
Vižintini Vrhi / Visintini Monti
2%
Vošteni
2%
Vrhjani
2%
Vrh Lašići
2%
Zankovci
2%
Ženodraga
2%
Žnjidarići / Snidarici
2%
Zonti
2%
Anžići
0%
Barušići
0%
Bonaci / Bonazzi
0%
Bucalovići
0%
Bujarići
0%
Dekovići
0%
Domijanići
0%
Dubravci
0%
Eržišće
0%
Gambetići
0%
Garbina / Garbina
0%
Grubići
0%
Juradi
0%
Jurazini
0%
Kirmenjak
0%
Kočići
0%
Košutići
0%
Krajcar Breg
0%
Kraj Drage
0%
Lašići
0%
Marceljani
0%
Markoci
0%
Maružini
0%
Matijaši
0%
Matohanci
0%
Matulini / Mattulini
0%
Medveje
0%
Medvidići
0%
Mekiši kod Kaštelira
0%
Mekiši kod Vižinade
0%
Mužini
0%
Nardući
0%
Negnar
0%
Pajari
0%
Pamići
0%
Peničići
0%
Piškovica
0%
Pršurići
0%
Radoši kod Višnjana
0%
Radoši kod Žbandaja
0%
Rafaeli
0%
Ribarići
0%
Roškići
0%
Selca
0%
Sinožići
0%
Snašići
0%
Srebrnići
0%
Stranići kod Lovreča
0%
Stranići kod Nove Vasi
0%
Tripari
0%
Vadediji
0%
Valkarin
0%
Vejaki
0%
Velići
0%
Veljaki
0%
Vranići kod Višnjana
0%
Vranići kod Vižinade
0%
Vrbani
0%
Žagrići
0%
Žikovići
0%
Žudetići
0%
Žuntići
0%
Županići
0%
No matching quizzes found
Score Distribution
Percent of People with Each Score
Percentile by Number Answered
Your Score History
You have not taken this quiz